| 000 | 00761nas a2200241 4500 | ||
|---|---|---|---|
| 001 | BR8405373 | ||
| 003 | BR-BrBNA | ||
| 005 | 20231205090030.0 | ||
| 007 | ta | ||
| 008 | 230509b bl.|||p| |||| 00| 00por d | ||
| 040 |
_aBR-BrBNA _bpor _cBiblioteca Nacional de Agricultura |
||
| 041 | _a(Pt) | ||
| 072 | _aM40 | ||
| 100 | 1 | _aSampaio, C.M. de S. | |
| 100 | 1 | _aFausto Filho, J. | |
| 245 | 1 | _aConsideracoes sobre a bioecologia dos crustaceos decapodos da enseada do Mucuripe (Fortaleza, Ceara, Brasil) | |
| 650 | _aCRUSTACEO | ||
| 650 | _aECOLOGIA AQUATICA | ||
| 650 | _aCEARA | ||
| 773 | 0 |
_tArquivos de Ciencias do Mar (Brazil) _xISSN 0374-5686 _g(Jul 1984), v. 23 p. 11-24 _wBR8405373 |
|
| 909 |
_a202311 _bLúcia _c55 _dLúcia Elande |
||
| 942 |
_2AGRIS _n0 _cANA |
||
| 999 |
_c115666 _d115666 |
||